[Event "Asian Cities-chT"]
[Site "Khanty-Mansiysk"]
[Date "2024.04.28"]
[Round "8.4"]
[White "Aryan, Ali Ehsan"]
[Black "Asgharzadeh, Mitra"]
[Result "1-0"]
[WhiteElo "2136"]
[BlackElo "2019"]
[PlyCount "95"]
[EventDate "2024.04.21"]
[EventType "team-swiss"]
[EventRounds "9"]
[EventCountry "RUS"]
[SourceTitle "CBM 219 Extra"]
[Source "ChessBase"]
[SourceDate "2024.05.31"]
[SourceVersion "1"]
[SourceVersionDate "2024.05.31"]
[SourceQuality "1"]
[WhiteTeam "Baghdad"]
[BlackTeam "Tehran (W)"]
[WhiteTeamCountry "IRQ"]
[BlackTeamCountry "IRI"]

1. e4 c5 2. Nf3 e6 3. d4 cxd4 4. Nxd4 Bc5 5. Nb3 Bb6 6. c4 Ne7 7. Nc3 0-0 8. Bf4 f5 9. Bd6 Nbc6 10. Bd3 Bxf2+ 11. Kxf2 fxe4+ 12. Kg1 exd3 13. Qxd3 b6 14. Ne4 Qe8 15. h4 Qh5 16. Rh3 Ne5 17. Qc3 N5g6 18. Rg3 Qxh4 19. Re1 e5 20. Rh3 Qg4 21. Bxe7 Nxe7 22. Qxe5 Qe6 23. Qc3 Nf5 24. Ng5 Qg6 25. Qf3 Bb7 26. Qxb7 Qxg5 27. Qd5+ Kh8 28. Re5 d6 29. Re4 Rae8 30. Rf3 g6 31. Nd4 Qc1+ 32. Kh2 Qh6+ 33. Rh3 Qd2 34. Qb7 Ng7 35. Nf3 Qc1 36. Rxe8 Rxe8 37. Qf7 Qe3 38. Qxg6 Qf4+ 39. Kg1 Qe3+ 40. Kh1 h5 41. Ng5 Qc1+ 42. Kh2 Qf4+ 43. Rg3 Qh4+ 44. Nh3 Re7 45. Rf3 Re8 46. Rf4 Qe7 47. Ng5 Ne6 48. Rf7 1-0

[Event "IRQ-ch"]
[Site "Sulaymaniyah"]
[Date "2023.11.01"]
[Round "11"]
[White "Moazaz, Dhahir Habeeb"]
[Black "Aryan, Ali Ehsan"]
[Result "1/2-1/2"]
[WhiteElo "2089"]
[BlackElo "2079"]
[PlyCount "80"]
[EventDate "2023.10.25"]
[EventType "tourn"]
[EventRounds "11"]
[EventCountry "IRQ"]
[SourceTitle "CBM 216 Extra"]
[Source "ChessBase"]
[SourceDate "2023.11.30"]
[SourceVersion "1"]
[SourceVersionDate "2023.11.30"]
[SourceQuality "1"]

1. Nf3 f5 2. c4 Nf6 3. g3 d6 4. d4 e6 5. Bg2 Be7 6. 0-0 0-0 7. Nc3 Ne4 8. Nxe4 fxe4 9. Nd2 d5 10. f3 Nc6 11. e3 exf3 12. Nxf3 Bd7 13. Bd2 Be8 14. cxd5 exd5 15. Qb3 Kh8 16. Ng5 Rf6 17. Bxd5 h6 18. Nf7+ Bxf7 19. Bxf7 Rxf1+ 20. Rxf1 Bg5 21. Rf2 Ne7 22. h4 Bf6 23. Qe6 a5 24. Qe4 c6 25. Bc4 Qd6 26. Bd3 g6 27. Kg2 Kg7 28. h5 Rd8 29. Qg4 Qd5+ 30. e4 Qd7 31. Qxd7 Rxd7 32. e5 Bxe5 33. dxe5 Rxd3 34. hxg6 b6 35. Rf7+ Kxg6 36. Rf6+ Kh5 37. Rxh6+ Kg4 38. Bf4 Nd5 39. Rg6+ Kf5 40. Rxc6 Nxf4+ 1/2-1/2

[Event "IRQ-ch"]
[Site "Sulaymaniyah"]
[Date "2023.10.30"]
[Round "8"]
[White "Aryan, Ali Ehsan"]
[Black "Ahmed, Jaza Jamal"]
[Result "1-0"]
[WhiteElo "2079"]
[BlackElo "2015"]
[PlyCount "63"]
[EventDate "2023.10.25"]
[EventType "tourn"]
[EventRounds "11"]
[EventCountry "IRQ"]
[SourceTitle "CBM 216 Extra"]
[Source "ChessBase"]
[SourceDate "2023.11.30"]
[SourceVersion "1"]
[SourceVersionDate "2023.11.30"]
[SourceQuality "1"]

1. e4 d6 2. d4 Nf6 3. Nc3 e5 4. Nf3 Nbd7 5. Bc4 Be7 6. 0-0 0-0 7. Re1 c6 8. a4 a5 9. h3 Nb6 10. Ba2 Nfd7 11. Be3 exd4 12. Nxd4 Nc5 13. Qh5 Nbxa4 14. Nxa4 Nxa4 15. Nf3 Nb6 16. Ng5 Bxg5 17. Bxg5 Qc7 18. Re3 Kh8 19. Rg3 f6 20. Bf4 Qe7 21. Rd1 d5 22. c4 Bd7 23. exd5 Be8 24. Qf3 cxd5 25. cxd5 Rc8 26. d6 Qd7 27. Re1 Bg6 28. Re7 Qc6 29. Qxc6 bxc6 30. d7 Rcd8 31. Be6 Na8 32. Ra3 1-0

[Event "IRQ-ch"]
[Site "Sulaymaniyah"]
[Date "2023.10.28"]
[Round "5"]
[White "Aryan, Ali Ehsan"]
[Black "Abbas, Hussein Kzar"]
[Result "1-0"]
[WhiteElo "2079"]
[BlackElo "1931"]
[PlyCount "55"]
[EventDate "2023.10.25"]
[EventType "tourn"]
[EventRounds "11"]
[EventCountry "IRQ"]
[SourceTitle "CBM 216 Extra"]
[Source "ChessBase"]
[SourceDate "2023.11.30"]
[SourceVersion "1"]
[SourceVersionDate "2023.11.30"]
[SourceQuality "1"]

1. e4 g6 2. d4 Bg7 3. Nc3 a6 4. f4 b5 5. Nf3 Bb7 6. Bd3 d6 7. Qe2 Nd7 8. e5 e6 9. a4 b4 10. Ne4 Ne7 11. 0-0 0-0 12. c3 bxc3 13. bxc3 d5 14. Neg5 c5 15. g4 Nc6 16. Rb1 Qc7 17. f5 exf5 18. gxf5 c4 19. fxg6 cxd3 20. gxf7+ Rxf7 21. Qxd3 Nf8 22. Nxf7 Qxf7 23. Ng5 Qe7 24. Rf7 Bc8 25. Rxe7 Nxe7 26. Qf3 Bf5 27. Rb7 Nfg6 28. Ba3 1-0

[Event "Tehran zt 3.1"]
[Site "Tehran"]
[Date "2023.05.27"]
[Round "6"]
[White "Poormosavi, Seyed Kian"]
[Black "Aryan, Ali Ehsan"]
[Result "1-0"]
[WhiteElo "2413"]
[BlackElo "2138"]
[PlyCount "55"]
[EventDate "2023.05.23"]
[EventType "swiss"]
[EventRounds "9"]
[EventCountry "IRI"]
[SourceTitle "CBM 214 Extra"]
[Source "ChessBase"]
[SourceDate "2023.07.31"]
[SourceVersion "1"]
[SourceVersionDate "2023.07.31"]
[SourceQuality "1"]

1. Nf3 f5 2. g3 d6 3. d4 e6 4. Bg2 Nf6 5. 0-0 Be7 6. c4 0-0 7. Nc3 Ne4 8. Ne1 Nxc3 9. bxc3 e5 10. a4 Nc6 11. a5 Qe8 12. Nc2 Bd7 13. Ne3 a6 14. Nd5 Bd8 15. e3 g5 16. c5 Kg7 17. cxd6 cxd6 18. Ba3 e4 19. Bxd6 Rh8 20. Nb6 Bxb6 21. axb6 h5 22. d5 Nd8 23. Qd4+ Kg6 24. f3 Nf7 25. Bc7 exf3 26. Bxf3 g4 27. Bg2 Ng5 28. e4 1-0

[Event "Rasht Gilan Cup 1st"]
[Site "Rasht"]
[Date "2022.07.15"]
[Round "8"]
[White "Omidi, Arya"]
[Black "Aryan, Ali Ehsan"]
[Result "1-0"]
[WhiteElo "2317"]
[BlackElo "2241"]
[PlyCount "98"]
[EventDate "2022.07.09"]
[EventType "swiss"]
[EventRounds "9"]
[EventCountry "IRI"]
[SourceTitle "CBM 209 Extra"]
[Source "ChessBase"]
[SourceDate "2022.09.30"]
[SourceVersion "1"]
[SourceVersionDate "2022.09.30"]
[SourceQuality "1"]

1. e4 c6 2. d4 d5 3. e5 Bf5 4. Nf3 e6 5. Be2 c5 6. Be3 Qb6 7. Nc3 Nc6 8. Na4 Qa5+ 9. c3 c4 10. 0-0 b5 11. Nc5 Qc7 12. b4 Bxc5 13. dxc5 a5 14. a4 Qb7 15. axb5 Qxb5 16. Qa4 Qxa4 17. Rxa4 Rb8 18. bxa5 Nge7 19. a6 Kd7 20. Rfa1 Rb3 21. Bd4 Ra8 22. Bd1 Rb2 23. R4a3 Be4 24. Ng5 Bg6 25. g4 h6 26. Nh3 Kc7 27. Nf4 Nxd4 28. cxd4 Nc6 29. Nxg6 fxg6 30. Rf3 Nxd4 31. Rf7+ Kc6 32. Ba4+ Kxc5 33. Rc7+ Kb4 34. Rb7+ Kc3 35. Ra3+ Nb3 36. Bc6 d4 37. a7 Rxa7 38. Raxa7 d3 39. Rd7 Nd4 40. Be4 Re2 41. Ra3+ Nb3 42. Bxd3 cxd3 43. Rxb3+ Kxb3 44. Rxd3+ Kc4 45. Rd7 Rxe5 46. Rxg7 g5 47. Rg6 Kd5 48. Rxh6 Re2 49. Rg6 Ke5 1-0